00648nam a2200205 a 450000100060000000300080000600500170001400800410003103500190007204000390009104100080013008200260013810000270016424501010019126000460029230000340033850000190037265000160039165000350040750371BD-RjUL20211209075510.0160824s1938 nyuae b 000 0 eng  a(BD-RjUL)50491 aDLCcMBUdOCoLCdDLCdBD-RjULbeng aeng a371.624223bBLP 19381 aBlair, Herbert d1875-10aPhysical educational facilities for the modern junior and senior high school /cby Herbert Blair aNew York :bA.S. Barnes & Company,c1938. axii, 174 p. :bill. ;c24 cm. aIncludes Index 0aGymnasiums. 0aPhysical education facilities.